Cities with Towers - Picture Quiz - Statistics

General Stats
  • This quiz has been taken 23 times
    8 since last reset
  • The average score is 7 of 16
Answer Stats
Picture Answer % Correct
Toronto
100%
Seattle
80%
Shanghai
80%
Auckland
60%
Tokyo
60%
Berlin
40%
Moscow
40%
Seoul
40%
Sydney
40%
Tehran
40%
Calgary
20%
Johannesburg
20%
Las Vegas
20%
London
20%
Macau
20%
Dusseldorf
0%
No matching quizzes found
Score Distribution
Percent of People with Each Score
Percentile by Number Answered
Your Score History
You have not taken this quiz since the last reset